Consecutive Emmy Winners Quiz Stats

 Plays Quiz Updated Sep 18, 2018

Score 0/27 Timer 05:00
3 Plays Today
Comedy/Drama Show % Correct
ComedyCheers
73.7%
ComedyModern Family
71.3%
ComedyFrasier
64.5%
DramaBreaking Bad
62.2%
ComedyI Love Lucy
60.3%
DramaMad Men
55.9%
DramaGame of Thrones
53.7%
ComedyAll in the Family
52.8%
ComedyVeep
50.9%
ComedyThe Mary Tyler Moore Show
44.4%
DramaThe West Wing
44.3%
Comedy30 Rock
42.1%
DramaHill Street Blues
39.2%
ComedyThe Dick Van Dyke Show
34.5%
Comedy/Drama Show % Correct
DramaL.A. Law
34%
ComedyTaxi
32.7%
ComedyThe Golden Girls
27.7%
DramaThe Practice
15.9%
DramaPicket Fences
15.7%
DramaLou Grant
13.1%
DramaCagney & Lacey
12%
ComedyGet Smart
10.5%
DramaMission: Impossible
7.9%
DramaThe Defenders
7.7%
ComedyThe Phil Silvers Show
6.9%
DramaPlayhouse 90
6%
DramaUpstairs, Downstairs
5%

You're not logged in!

Compare scores with friends on all Sporcle quizzes.
OR
Log In

Sporcle TV

Today on Sporcle TV


Watch our educational content, quiz creation guides, and fun videos on Sporcle TV.

Show Comments

Extras

Top Quizzes Today


Score Distribution

Your Account Isn't Verified!

In order to create a playlist on Sporcle, you need to verify the email address you used during registration. Go to your Sporcle Settings to finish the process.

Report this User

Report this user for behavior that violates our Community Guidelines.

Details: